Strategic Business Management And Banking / (Record no. 174560)
[ view plain ]
| 000 -LEADER | |
|---|---|
| fixed length control field | 00530nam a22001817a 4500 |
| 005 - DATE AND TIME OF LATEST TRANSACTION | |
| control field | 20200623111825.0 |
| 010 ## - LCCN (DPL NO) | |
| LC control number | B-159489 |
| 020 ## - INTERNATIONAL STANDARD BOOK NUMBER | |
| International Standard Book Number | 9788176295987 |
| Terms of availability | 990.00 |
| 035 ## - SYSTEM CONTROL NUMBER | |
| System control number | B-159489 |
| 037 ## - SOURCE OF ACQUISITION | |
| Source of stock number/acquisition | Lending |
| 082 ## - DEWEY DECIMAL CLASSIFICATION NUMBER | |
| Classification number | 658.4012 |
| 100 ## - MAIN ENTRY--PERSONAL NAME | |
| Personal name | Sarkar,A.N. |
| 245 ## - TITLE STATEMENT | |
| Title | Strategic Business Management And Banking / |
| Statement of responsibility, etc | A.N. Sarkar |
| 260 ## - PUBLICATION, DISTRIBUTION, ETC. (IMPRINT) | |
| Place of publication, distribution, etc | New Delhi |
| Name of publisher, distributor, etc | Deep & Deep Publications |
| Date of publication, distribution, etc | 2005 |
| 270 ## - ADDRESS | |
| Address | F-159 Raouri Garden |
| City | New Delhi |
| Postal code | 110027 |
| 300 ## - PHYSICAL DESCRIPTION | |
| Extent | 364p. |
| Dimensions | 25cm(Hb) |
| 942 ## - ADDED ENTRY ELEMENTS (KOHA) | |
| Source of classification or shelving scheme | Dewey Decimal Classification |
| Item type | English Books |
| Classification part | 658.4012 |
| Call number suffix | SAR |
| Withdrawn status | Lost status | Not for loan | Collection code | Home library | Current library | Date acquired | Source of acquisition | Cost, normal purchase price | Full call number | Barcode | Copy number | Cost, replacement price | Koha item type |
|---|---|---|---|---|---|---|---|---|---|---|---|---|---|
| Non-fiction | Central Library | Central Library | 23/06/2020 | Lending | 990.00 | 658.4012 SAR | B-159489 | 1 | 990.00 | English Books |
